Balkans A-Z - Statistics

General Stats
  • This quiz has been taken 27 times
  • The average score is 13 of 25
Answer Stats
Hint Answer % Correct
A) Country in the SW Balkans,its capital is Tirana Albania
100%
C) Spelled Hrvatska in its native language Croatia
92%
Y) Former country that included much of the Balkannations, dissolved in 1991 Yugoslavia
92%
K) Small nation to the south of Serbia thatdeclared independence in 2008 Kosovo
88%
M) Small country to the south of Bosnia, knownfor its mountains and Medieval towns Montenegro
88%
S) Capital where Franz Ferdinand was assassinatedin 1914, sparking WW1 Sarajevo
88%
B) Also called the "white city", it isone of Europes oldest cities Belgrade
83%
D) Historic city in the south of the above,known for its Medieval stone walls Dubrovnik
83%
G) Country to the southeast of the Balkans Greece
75%
H) The southern, mountainous region ofBosnia, which shares the countries' full name Herzegovina
75%
Q) Mary was this, the leader of the Serbs, Croats andSlovenes from 1922-29 Queen
75%
N) 2nd largest city in Serbia Novi Sad
71%
P) Capital that was once called Titograd Podgorica
67%
I) Sea located to the south of the Balkans Ionian
63%
Z) 5th largest city in Croatia, one of the oldest inhabitedcities in the region Zadar
54%
W) The 6 nations combined form the ____ Balkansas a collective name Western
42%
L) Currency of Albania Lek
38%
T) 3rd largest city in Bosnia Tuzla
29%
U) Western Serbian city on the banks of the river Đetinja Uzice
17%
R) Ancient Illiyrian city on the Bay of Kotor, once thecapital of Queen Teuta Risan
8%
E) Ancient Greek colony in letter C, foundedin the 6th century BC, now historic ruins Epidaurus
4%
J) Town in Niška Banja, Serbia, the siteof a neanderthal research site Jelasnica
4%
F) Ancient Roman palace ruins located in Zaječar, Serbia Felix Romuliana
0%
O) Riviera region on the coast of Dalmatia, Croatia,known for its Mediterranean beaches Omiska
0%
V) Serbian city known for its wine vineyards Vrsac
0%
No matching quizzes found
Score Distribution
Percent of People with Each Score
Percentile by Number Answered
Your Score History
You have not taken this quiz